Nástroje zväčšovania kapitálu akciovej spoločnosti so zreteľom na riziko a hodnotu podniku diplomová práca

Salvato in:
Dettagli Bibliografici
Autore principale: Makki, Ján
Ente Autore: Fakulta podnikového manažmentu EU. Katedra podnikovohospodárska
Altri autori: Kubica, Milan, 1958-
Natura: Libro
Lingua:slovacco
Pubblicazione: Bratislava 2013
Tags: Aggiungi Tag
Nessun Tag, puoi essere il primo ad aggiungerne!!

MARC

LEADER 00000nbm a2200000 4500
001 0171087
005 20161109102428.7
041 0 |a slo 
044 |a SK 
245 1 0 |a Nástroje zväčšovania kapitálu akciovej spoločnosti so zreteľom na riziko a hodnotu podniku  |b diplomová práca  |c Ján Makki ; školiteľ: Milan Kubica 
264 1 |a Bratislava  |c 2013 
300 |a 84 s. 
100 1 |a Makki, Ján 
700 1 |a Kubica, Milan, 1958- 
710 2 |a Fakulta podnikového manažmentu EU. Katedra podnikovohospodárska